Európska centrálna banka a jej vplyv na Eurozónu bakalárska práca

Uložené v:
Podrobná bibliografia
Hlavný autor: Bardáč, Juraj
Korporativný autor: Fakulta podnikového manažmentu EU. Katedra podnikových financií
Ďalší autori: Hyránek, Eduard, 1955-
Médium: Kniha
Jazyk:Slovak
Vydavateľské údaje: Bratislava 2011
Tagy: Pridať tag
Žiadne tagy, Buďte prvý, kto otaguje tento záznam!

MARC

LEADER 00000nbm a2200000 4500
001 0140210
005 20161109111712.4
041 0 |a slo 
044 |a SK 
245 1 0 |a Európska centrálna banka a jej vplyv na Eurozónu  |b bakalárska práca  |c Juraj Bardáč ; školiteľ: Eduard Hyránek 
264 1 |a Bratislava  |c 2011 
300 |a 48 s. 
100 1 |a Bardáč, Juraj 
700 1 |a Hyránek, Eduard, 1955- 
710 2 |a Fakulta podnikového manažmentu EU. Katedra podnikových financií